[Event "Saarland-ch C"]
[Site "Saarlouis Steinrausch"]
[Date "2005.03.23"]
[Round "6"]
[White "Schwanengel, Juhani"]
[Black "Hort, Maria"]
[Result "0-1"]
[WhiteElo "1006"]
[BlackElo "1213"]
[PlyCount "74"]
[EventDate "2005.03.18"]
[EventType "swiss"]
[EventRounds "9"]
[EventCountry "GER"]
[SourceTitle "EXT 2012"]
[Source "ChessBase"]
[SourceDate "2011.11.24"]
[SourceVersion "1"]
[SourceVersionDate "2011.11.24"]
[SourceQuality "1"]

1. e4 c6 2. d4 d5 3. exd5 cxd5 4. Bf4 Nc6 5. Nf3 Bf5 6. Bb5 e6 7. Nc3 Bd6 8. Qd2 Nge7 9. Ne5 0-0 10. 0-0-0 a6 11. Bxc6 bxc6 12. f3 Qc7 13. g4 Bg6 14. Bg3 Rfb8 15. Na4 a5 16. Nc5 Qb6 17. Qc3 Qb4 18. Qxb4 Rxb4 19. c3 Rb5 20. a4 Rbb8 21. Ned7 Bxg3 22. Nxb8 Bxb8 23. Nd7 Bf4+ 24. Rd2 Bxd2+ 25. Kxd2 Rd8 26. Ne5 f6 27. Nxg6 Nxg6 28. b4 axb4 29. cxb4 e5 30. Ke3 Kf7 31. Rc1 Rd6 32. a5 Ne7 33. Rc5 Rd7 34. f4 Rb7 35. fxe5 Rxb4 36. h4 fxe5 37. g5 exd4+ 0-1

[Event "Saarland-ch C"]
[Site "Saarlouis Steinrausch"]
[Date "2005.03.22"]
[Round "5"]
[White "Schwanengel, Juhani"]
[Black "Wilhelm, Robin"]
[Result "1-0"]
[WhiteElo "1006"]
[BlackElo "1111"]
[PlyCount "40"]
[EventDate "2005.03.18"]
[EventType "swiss"]
[EventRounds "9"]
[EventCountry "GER"]
[SourceTitle "EXT 2012"]
[Source "ChessBase"]
[SourceDate "2011.11.24"]
[SourceVersion "1"]
[SourceVersionDate "2011.11.24"]
[SourceQuality "1"]

1. e4 d5 2. exd5 Qxd5 3. Nc3 Qe5+ 4. Be2 Bg4 5. f3 Bf5 6. d4 Qa5 7. Bd2 e6 8. a3 Nf6 9. g4 Bd6 10. gxf5 Qxf5 11. Bd3 Qh5 12. Qe2 Nc6 13. 0-0-0 Nxd4 14. Qe3 Nf5 15. Bxf5 Qxf5 16. Nge2 Nd5 17. Nxd5 Qxd5 18. Bb4 Qc6 19. Nd4 Qb6 20. Bxd6 cxd6 1-0

[Event "Saarland-ch C"]
[Site "Saarlouis Steinrausch"]
[Date "2005.03.20"]
[Round "3"]
[White "Maurer, Dennis"]
[Black "Schwanengel, Juhani"]
[Result "1-0"]
[WhiteElo "1160"]
[BlackElo "1006"]
[PlyCount "67"]
[EventDate "2005.03.18"]
[EventType "swiss"]
[EventRounds "9"]
[EventCountry "GER"]
[SourceTitle "EXT 2012"]
[Source "ChessBase"]
[SourceDate "2011.11.24"]
[SourceVersion "1"]
[SourceVersionDate "2011.11.24"]
[SourceQuality "1"]

1. d4 Nf6 2. Nf3 e6 3. Bg5 Be7 4. e3 d6 5. Nc3 Nbd7 6. Bd3 b6 7. Qd2 Bb7 8. 0-0 c5 9. Be2 Qc7 10. Rad1 h6 11. Bf4 e5 12. dxe5 dxe5 13. Bg3 0-0-0 14. Nb5 Qb8 15. c3 Ne4 16. Qc2 Nxg3 17. hxg3 e4 18. Nd2 a6 19. Na3 h5 20. Nxe4 h4 21. Bg4 hxg3 22. Nxg3 Bc6 23. Rd2 Bd6 24. f4 g5 25. Nf5 Bf8 26. Nc4 Kc7 27. Nfd6 Bxd6 28. Nxd6 Rh4 29. Qf5 Rdh8 30. Nxf7 Rh1+ 31. Kf2 Rxf1+ 32. Kxf1 Rh1+ 33. Kf2 Qe8 34. Nxg5 1-0